Inštitucionálne zázemie podnikania

Inštitúcie a podnikateľské prostredie. Podnikateľský ekosystém. Komponenty podnikateľského ekosystému. Inštitucionálne zabezpečenie podnikateľských aktivít a podpora podnikania v EÚ a SR.

Salvato in:
Dettagli Bibliografici
Autore principale: Nemcová, Edita
Natura: Capitolo di libro
Lingua:slovacco
Soggetti:
Tags: Aggiungi Tag
Nessun Tag, puoi essere il primo ad aggiungerne!!

MARC

LEADER 00000nla a2200000 4500
001 0241148
005 20240417075133.3
041 0 |a slo 
044 |a SK 
245 1 0 |a Inštitucionálne zázemie podnikania  |c Edita Nemcová 
520 |a Inštitúcie a podnikateľské prostredie. Podnikateľský ekosystém. Komponenty podnikateľského ekosystému. Inštitucionálne zabezpečenie podnikateľských aktivít a podpora podnikania v EÚ a SR. 
610 2 0 |a prostredie podnikateľské 
610 2 0 |a podnik malý 
610 2 0 |a podnik stredný 
610 2 0 |a ekosystémy 
610 2 0 |a podpora podnikania 
610 2 0 |a Slovensko 
610 2 0 |a Európska únia 
610 2 0 |a prostredie ekonomické 
610 2 0 |a modely podnikateľské 
100 1 |a Nemcová, Edita